| 000 | 00947nam a2200277 a 4500 | ||
|---|---|---|---|
| 005 | 20200104041602.0 | ||
| 008 | 140129b2010 ck ||||| |||| 00| 0 spa d | ||
| 020 | _a9789587018554 | ||
| 040 |
_aCO-BoIAVH _cCO-BoIAVH |
||
| 041 | _aspa | ||
| 082 |
_a333.7 _bG63e |
||
| 100 | 1 | _aGómez-Giraldo, Luis Jair | |
| 245 | 1 | 0 |
_aEconomía ecológica : _bbases fundamentales |
| 260 |
_aBogotá: _bUniversidad Nacional de Colombia, _c2007. |
||
| 300 |
_a141 páginas : _c23 cm. _bgráficos ; |
||
| 490 | 0 |
_aIdeas ; _v9 |
|
| 504 | _aIncluye referencias bibliográficas (páginas163-141). | ||
| 650 | 1 | 4 | _aEconomía ambiental |
| 650 | 1 | 4 |
_aRecursos naturales _xAspectos económicos |
| 650 | 1 | 4 | _aPolítica ambiental |
| 650 | 1 | 4 | _aDesarrollo sostenible |
| 700 | 1 | _aVargas Pimiento, Elkin | |
| 700 | 1 | _aPosada Londoño, Luis Guillermo | |
| 710 | 2 | _aUniversidad Nacional de Colombia | |
| 942 |
_cLIBRO _2ddc |
||
| 999 |
_c5775 _d5775 |
||